<?xml version="1.0" encoding="UTF-8"?>
<record
    xmlns:xsi="http://www.w3.org/2001/XMLSchema-instance"
    xsi:schemaLocation="http://www.loc.gov/MARC21/slim http://www.loc.gov/standards/marcxml/schema/MARC21slim.xsd"
    xmlns="http://www.loc.gov/MARC21/slim">

  <leader>01351nam a22003017a 4500</leader>
  <datafield tag="999" ind1=" " ind2=" ">
    <subfield code="c">23477</subfield>
    <subfield code="d">23477</subfield>
  </datafield>
  <controlfield tag="003">AR-CdUCM</controlfield>
  <controlfield tag="008">260122b2024    pe ||||| |||| 00| 0 spa d</controlfield>
  <datafield tag="020" ind1=" " ind2=" ">
    <subfield code="a">978-612-49796-1-3</subfield>
  </datafield>
  <datafield tag="040" ind1=" " ind2=" ">
    <subfield code="a">MUNICIPALIDAD PROVINCIAL DEL CUSCO</subfield>
    <subfield code="c">BIBLIOTECA MUNICIPAL DEL CUSCO</subfield>
  </datafield>
  <datafield tag="082" ind1=" " ind2=" ">
    <subfield code="a">302.483.3 /</subfield>
    <subfield code="b">C78</subfield>
  </datafield>
  <datafield tag="100" ind1=" " ind2=" ">
    <subfield code="a">Corbacho Carpio, Julia.</subfield>
  </datafield>
  <datafield tag="245" ind1=" " ind2=" ">
    <subfield code="a">Impacto de las Redes Sociales en el sector Turismo /</subfield>
  </datafield>
  <datafield tag="260" ind1=" " ind2=" ">
    <subfield code="a">Cusco :</subfield>
    <subfield code="b">Estefany Lorena Vera Mu&#xF1;oz,</subfield>
    <subfield code="c">2024.</subfield>
  </datafield>
  <datafield tag="300" ind1=" " ind2=" ">
    <subfield code="a">107 p&#xE1;ginas. :</subfield>
    <subfield code="c">17 x 24 cm.</subfield>
  </datafield>
  <datafield tag="505" ind1=" " ind2=" ">
    <subfield code="a">Contenido: Cap&#xED;tulo 1. Generalidades -- Cap&#xED;tulo 2. Marketing y Promoci&#xF3;n -- Cap&#xED;tulo 3. Influencia en la decisi&#xF3;n de viaje -- Cap&#xED;tulo 4. Interacci&#xF3;n y atenci&#xF3;n al cliente -- Cap&#xED;tulo 5. Gesti&#xF3;n de la reputaci&#xF3;n -- Cap&#xED;tulo 6. Innovaci&#xF3;n en productos y servicios -- Cap&#xED;tulo 7. An&#xE1;lisis de tendencias y mercado -- Cap&#xED;tulo 8. Integraci&#xF3;n de experiencias.</subfield>
  </datafield>
  <datafield tag="650" ind1=" " ind2=" ">
    <subfield code="a">Definici&#xF3;n</subfield>
    <subfield code="9">41732</subfield>
  </datafield>
  <datafield tag="650" ind1=" " ind2=" ">
    <subfield code="a">Caracter&#xED;sticas principales</subfield>
    <subfield code="9">52100</subfield>
  </datafield>
  <datafield tag="650" ind1=" " ind2=" ">
    <subfield code="a">Descripci&#xF3;n y funciones</subfield>
    <subfield code="9">52101</subfield>
  </datafield>
  <datafield tag="650" ind1=" " ind2=" ">
    <subfield code="a">Impacto de las redes</subfield>
    <subfield code="9">52102</subfield>
  </datafield>
  <datafield tag="650" ind1=" " ind2=" ">
    <subfield code="a">Funciones</subfield>
    <subfield code="9">20052</subfield>
  </datafield>
  <datafield tag="650" ind1=" " ind2=" ">
    <subfield code="a">Redes sociales</subfield>
    <subfield code="9">44393</subfield>
  </datafield>
  <datafield tag="650" ind1=" " ind2=" ">
    <subfield code="a">Influencia de opiniones</subfield>
    <subfield code="9">52103</subfield>
  </datafield>
  <datafield tag="650" ind1=" " ind2=" ">
    <subfield code="a">Desarrollo de productos </subfield>
    <subfield code="9">52104</subfield>
  </datafield>
  <datafield tag="650" ind1=" " ind2=" ">
    <subfield code="a">Plataformas</subfield>
    <subfield code="9">52105</subfield>
  </datafield>
  <datafield tag="942" ind1=" " ind2=" ">
    <subfield code="2">ddc</subfield>
    <subfield code="c">LIBROS</subfield>
  </datafield>
  <datafield tag="945" ind1=" " ind2=" ">
    <subfield code="a">jmcs</subfield>
    <subfield code="d">22/01/2026</subfield>
  </datafield>
  <datafield tag="952" ind1=" " ind2=" ">
    <subfield code="0">0</subfield>
    <subfield code="2">ddc</subfield>
    <subfield code="4">0</subfield>
    <subfield code="7">0</subfield>
    <subfield code="a">SH</subfield>
    <subfield code="b">SH</subfield>
    <subfield code="c">CART</subfield>
    <subfield code="d">2026-01-22</subfield>
    <subfield code="e">Donaci&#xF3;n</subfield>
    <subfield code="g">15.00</subfield>
    <subfield code="o">302.483.3 / C78</subfield>
    <subfield code="p">SH0000017044</subfield>
    <subfield code="r">2026-01-22</subfield>
    <subfield code="y">LIBROS</subfield>
  </datafield>
</record>
